000
003400000a22001450004500
005
20120302065124.0
942
_c
BOOK
100
_a
Jha, Kavishwar Shree Chanda
245
_a
(Maithili) Maithili Ramayan
260
_a
Lakhnau:Bhuvan Vani Trust, 1986-87
300
_a
600p..-ill
040
_a
M&H
365
_b
60/-
650
_a
Ramayan
999
_c
363950
_d
363947